Coronary Care Manual (Record no. 4361)
[ view plain ]
| 000 -LEADER | |
|---|---|
| fixed length control field | 00562nam a22002177a 4500 |
| 003 - CONTROL NUMBER IDENTIFIER | |
| control field | OSt |
| 005 - DATE AND TIME OF LATEST TRANSACTION | |
| control field | 20160615124814.0 |
| 008 - FIXED-LENGTH DATA ELEMENTS--GENERAL INFORMATION | |
| fixed length control field | 160615b xxu||||| |||| 00| 0 eng d |
| 020 ## - INTERNATIONAL STANDARD BOOK NUMBER | |
| International Standard Book Number | 9780729539272 |
| 040 ## - CATALOGING SOURCE | |
| Transcribing agency | DNLM |
| 082 ## - DEWEY DECIMAL CLASSIFICATION NUMBER | |
| Classification number | WG27 T371c 2011 |
| 100 ## - MAIN ENTRY--PERSONAL NAME | |
| Personal name | Thompson, Peter L. |
| 9 (RLIN) | 9400 |
| 245 ## - TITLE STATEMENT | |
| Title | Coronary Care Manual |
| 250 ## - EDITION STATEMENT | |
| Edition statement | 2nd ed. |
| 260 ## - PUBLICATION, DISTRIBUTION, ETC. (IMPRINT) | |
| Place of publication, distribution, etc. | Sydney; Churchill, 2011 |
| 300 ## - PHYSICAL DESCRIPTION | |
| Extent | xvi, 715p; col.ill: 26cm |
| 504 ## - BIBLIOGRAPHY, ETC. NOTE | |
| Bibliography, etc | Appendice, & index included |
| 650 ## - SUBJECT ADDED ENTRY--TOPICAL TERM | |
| Topical term or geographic name as entry element | Coronary |
| 9 (RLIN) | 9401 |
| 650 ## - SUBJECT ADDED ENTRY--TOPICAL TERM | |
| Topical term or geographic name as entry element | Heart cardiovascular |
| 9 (RLIN) | 9402 |
| 942 ## - ADDED ENTRY ELEMENTS (KOHA) | |
| Source of classification or shelving scheme | Other/Generic Classification Scheme |
| Koha item type | Open Shelf |
| Withdrawn status | Lost status | Source of classification or shelving scheme | Damaged status | Not for loan | Home library | Current library | Date acquired | Source of acquisition | Inventory number | Total Checkouts | Full call number | Barcode | Date last seen | Koha item type | Price effective from |
|---|---|---|---|---|---|---|---|---|---|---|---|---|---|---|---|
| Other/Generic Classification Scheme | MUST Main Library | MUST Main Library | 15/06/2016 | 14/37518 | WG27 T371c 2011 | 2016-2493 | 15/06/2016 | Open Shelf | |||||||
| Other/Generic Classification Scheme | MUST Main Library | MUST Main Library | 15/06/2016 | 14/37519 | WG27 T371c 2011 | 2016-2494 | 15/06/2016 | Open Shelf | |||||||
| Other/Generic Classification Scheme | MUST Main Library | MUST Main Library | 19/08/2022 | Donation | 2000/14109 | WG27 T371c 2011 | 2022-7912 | 19/08/2022 | Open Shelf | 19/08/2022 |
